MCU Acronyms - Statistics

General Stats
  • This quiz has been taken 76 times
    25 since last reset
  • The average score is 15 of 24
Answer Stats
Acronym Movie % Correct
GOTGV2 Guardians of the Galaxy Vol. 2
90%
SMNWH Spider-Man: No Way Home
90%
AAOU Avengers: Age of Ultron
86%
CATWS Captain America: The Winter Soldier
86%
GOTGV3 Guardians of the Galaxy Vol. 3
86%
CACW Captain America: Civil War
81%
GOTG Guardians of the Galaxy
81%
AMATW Ant-Man and The Wasp
76%
SMHC Spider-Man: Homecoming
76%
BPWF Black Panther: Wakanda Forever
71%
CATFA Captain America: The First Avenger
71%
SMFFH Spider-Man: Far From Home
67%
CABNW Captain America: Brave New World
62%
TGOTGHS The Guardians of the Galaxy Holiday Special
62%
TTDW Thor: The Dark World
62%
SCATLOTTR Shang-Chi and The Legend of The Ten Rings
52%
TFATWS The Falcon and the Winter Soldier
52%
AMATWQ Ant-Man and The Wasp: Quantumania
48%
DSITMOM Doctor Strange in the Multiverse of Madness
43%
SMBND Spider-Man: Brand New Day
43%
TLAT Thor: Love and Thunder
43%
ASW Avengers: Secret Wars
29%
TFFFS The Fantastic Four: First Steps
29%
SHAAL She-Hulk: Attorney at Law
19%
No matching quizzes found
Score Distribution
Percent of People with Each Score
Percentile by Number Answered
Your Score History
You have not taken this quiz since the last reset